[Event "It (open)"]
[Site "masterchessopen.com - Senden (Germany)"]
[Round "8"]
[White "Henrich Thomas (GER)"]
[Black "Lemmers Oscar (NED)"]
[Result "0-1"]
[WhiteElo "2159"]
[BlackElo "2392"]

1.d4 c5 2.d5 Nf6 3.c4 e6 4.Nc3 exd5 5.cxd5 d6 6.e4 g6 7.f4 Bg7 8.Bb5+ Nfd7
9.a4 O-O 10.Nf3 Na6 11.O-O Nc7 12.Bd3 a6 13.f5 Ne5 14.Nxe5 Bxe5 15.Rf3 Bd7
16.Bh6 Re8 17.Qd2 gxf5 18.exf5 f6 19.Ne2 Kh8 20.Nf4 Bxf4 21.Qxf4 Qe7 22.Rg3
Rg8 23.Re3 Qf7 24.Qxd6 Nxd5 25.Bc4 Bc6 26.Bxd5 Bxd5 27.Re7 Rad8 28.Qc7 Rxg2+
29.Kf1 Rdg8 30.Rc1 Bc4+ 31.Ke1 Re8 {#R} 0-1

[Event "It (cat.6)"]
[Site "masterchessopen.com - Tula (Russia)"]
[Round "3"]
[White "Kurilin Alexander (UKR)"]
[Black "Poletov Vladimir (RUS)"]
[Result "0-1"]
[WhiteElo "2340"]
[BlackElo "2329"]

1.d4 Nf6 2.c4 c5 3.d5 e6 4.Nc3 exd5 5.cxd5 d6 6.e4 g6 7.f4 Bg7 8.Bb5+ Nfd7
9.a4 Qh4+ 10.g3 Qe7 11.Nge2 O-O 12.f5 Nf6 13.Qc2 Na6 14.O-O Nb4 15.Qb1 gxf5
16.Bg5 fxe4 17.Rf4 Qe5 18.Bxf6 Bxf6 19.Qf1 Bg7 20.Rxe4 Qg5 21.h4 Qg6 22.Kh2
Nxd5 23.h5 Qf5 24.Qg2 Nxc3 25.bxc3 Qxh5+ 26.Rh4 Qg5 27.Nf4 Be5 28.Rh5 Qg7
29.Bd3 h6 {#R} 0-1

[Event "Ch Baden-Wuerttemberg (juniors) (under 10)"]
[Site "masterchessopen.com - Uberlingen (Germany)"]
[Round "0"]
[White "Timeus Frank (GER)"]
[Black "Hoffmann Nils (GER)"]
[Result "1-0"]
[WhiteElo "2145"]
[BlackElo "2205"]

1.d4 Nf6 2.c4 c5 3.d5 e6 4.Nc3 exd5 5.cxd5 d6 6.e4 g6 7.f4 Bg7 8.Bb5+ Nfd7
9.a4 O-O 10.Nf3 Re8 11.O-O a6 12.Bd3 Qc7 13.Nd2 b6 14.Nc4 Bb7 15.Qb3 Bd4+
16.Kh1 Bxc3 17.Qxc3 b5 18.Nd2 b4 19.Qc2 a5 20.b3 Nb6 21.Bb2 N8d7 22.Rae1 Re7
23.Ba1 Rae8 24.Nf3 c4 25.bxc4 f6 26.Nd4 Bxd5 27.cxd5 Nxd5 28.Qb3 Nb6 29.Rc1
Qd7 30.exd5 Re3 31.Bb5 Qf7 32.Qd1 {#r} 1-0

[Event "Ch World (juniors) (under 20)"]
[Site "masterchessopen.com - Athens (Greece)"]
[Round "3"]
[White "Markos Jan (SVK)"]
[Black "Rathnakaran K (IND)"]
[Result "1-0"]
[WhiteElo "2435"]
[BlackElo "2308"]

1.d4 Nf6 2.c4 c5 3.d5 e6 4.Nc3 exd5 5.cxd5 d6 6.e4 g6 7.f4 Bg7 8.Bb5+ Nfd7
9.a4 O-O 10.Nf3 Na6 11.O-O Nb4 12.Re1 a6 13.Bf1 Re8 14.Be3 Nf6 15.Bf2 Bg4
16.Rc1 Bh6 17.h3 Bd7 18.e5 dxe5 19.fxe5 Bxc1 20.Qxc1 Nbxd5 21.Bh4 Qb6 22.Bc4
Rxe5 23.Nxe5 Be6 24.Nxd5 Nxd5 25.Bxd5 Bxd5 26.Nd7 {#r} 1-0

[Event "It (open)"]
[Site "masterchessopen.com - Bydgoszcz (Poland)"]
[Round "1"]
[White "Maksimenko Andrei (UKR)"]
[Black "Bakalarz Leszek (POL)"]
[Result "1-0"]
[WhiteElo "2495"]
[BlackElo "2224"]

1.d4 Nf6 2.c4 c5 3.d5 e6 4.Nc3 exd5 5.cxd5 d6 6.e4 g6 7.f4 Bg7 8.Bb5+ Nfd7
9.a4 O-O 10.Nf3 Re8 11.O-O a6 12.Be2 Nf6 13.e5 dxe5 14.fxe5 Ng4 15.Bg5 Qa5
16.d6 Be6 17.Nd5 Nd7 18.Nc7 Ngxe5 19.Nxe5 Bxe5 20.Bg4 f5 21.Nxe6 Rxe6 22.Qd5
Re8 23.Be7 Kf7 24.Rxf5+ Nf6 25.Rxf6+ Bxf6 26.Qxe6+ {#r} 1-0

[Event "It (open) (blitz)"]
[Site "masterchessopen.com - Dordrecht (Netherlands)"]
[Round "17"]
[White "Lautier Joel (FRA)"]
[Black "De Jong Jan Willem (NED)"]
[Result "1-0"]
[WhiteElo "2653"]
[BlackElo "2227"]

1.d4 Nf6 2.c4 c5 3.d5 e6 4.Nc3 exd5 5.cxd5 d6 6.e4 g6 7.f4 Bg7 8.Bb5+ Nfd7
9.a4 O-O 10.Nf3 Na6 11.O-O Nc7 12.Bd3 a6 13.Re1 Re8 14.Be3 Rb8 15.Bf2 b5
16.axb5 axb5 17.Bh4 Bf6 18.Bg3 b4 19.Na4 Bg7 20.Ra2 Nb5 21.Bxb5 Rxb5 22.b3 Nb6
23.Nb2 Bg4 24.Qd3 Qd7 25.Nd2 Bd4+ 26.Kh1 Nc8 27.Nbc4 Nb6 28.Nxd6 Qxd6 29.Qxb5
Bd7 30.Qd3 {#r} 1-0

[Event "Ch Germany (juniors) (team)"]
[Site "masterchessopen.com - Greifswald (Germany)"]
[Round "1"]
[White "Postojev Alexander (GER)"]
[Black "Nuesken Nikolas (GER)"]
[Result "1-0"]
[WhiteElo "2152"]
[BlackElo "2318"]

1.d4 Nf6 2.c4 c5 3.d5 e6 4.Nc3 exd5 5.cxd5 d6 6.e4 g6 7.f4 Bg7 8.Bb5+ Nfd7
9.a4 O-O 10.Nf3 Re8 11.O-O Na6 12.f5 Bf6 13.Bf4 Qc7 14.Nd2 Rd8 15.Nc4 Nb6
16.e5 dxe5 17.d6 Qb8 18.Ne4 Bh8 19.Bg5 Bxf5 20.Nxb6 axb6 21.Bxd8 Qxd8 22.Bc4
Qh4 23.d7 Rd8 24.Nd6 e4 25.Nxf7 Bd4+ 26.Kh1 {#r} 1-0

[Event "It (open)"]
[Site "masterchessopen.com - Ikaria (Greece)"]
[Round "2"]
[White "De Wachter Matthias (BEL)"]
[Black "Posharsky Vikto (RUS)"]
[Result "0-1"]
[WhiteElo "2243"]
[BlackElo "2235"]

1.d4 Nf6 2.c4 c5 3.d5 e6 4.Nc3 exd5 5.cxd5 d6 6.e4 g6 7.f4 Bg7 8.Bb5+ Nfd7
9.a4 O-O 10.Nf3 Re8 11.O-O a6 12.Bc4 Nb6 13.Ba2 Bg4 14.h3 Bxf3 15.Qxf3 N8d7
16.Be3 f5 17.Rae1 Bxc3 18.bxc3 Rxe4 19.g4 Nf6 20.g5 Rxa4 21.gxf6 Rxa2 22.Qd1
Ra4 23.Qb3 Re4 24.Bf2 Nd7 25.Rxe4 fxe4 26.Bh4 Qc7 27.f7+ Kxf7 28.c4 h6 29.Qe3
Re8 30.Be1 b5 31.Bc3 b4 32.Bb2 Nf6 {#R} 0-1

[Event "It"]
[Site "masterchessopen.com - Kecskemet (Hungary)"]
[Round "1"]
[White "Bromberger Stefan (GER)"]
[Black "Brustkern Juergen (GER)"]
[Result "1-0"]
[WhiteElo "2399"]
[BlackElo "2275"]

1.d4 Nf6 2.c4 c5 3.d5 e6 4.Nc3 exd5 5.cxd5 d6 6.e4 g6 7.f4 Bg7 8.Bb5+ Nfd7
9.a4 Qh4+ 10.g3 Qd8 11.Nf3 O-O 12.O-O Na6 13.Re1 Nc7 14.Bf1 Nf6 15.h3 a6
16.Bg2 Rb8 17.Be3 Re8 18.e5 dxe5 19.Nxe5 Bf8 20.Qd2 h5 21.Rad1 Bd6 22.Qf2 Qe7
23.Nc4 b6 24.f5 h4 25.Nxd6 Qxd6 26.Bf4 Qd7 27.fxg6 Rxe1+ 28.Rxe1 Nh5 29.gxf7+
Qxf7 30.Bxc7 Qxc7 31.Re8+ {#r} 1-0

[Event "It (open)"]
[Site "masterchessopen.com - Rhein an Main (Germany)"]
[Round "0"]
[White "Zimmermann Hendrik (GER)"]
[Black "Schmeltz Gerd (GER)"]
[Result "0-1"]
[WhiteElo "2089"]
[BlackElo "2045"]

1.d4 Nf6 2.c4 c5 3.d5 e6 4.Nc3 exd5 5.cxd5 d6 6.e4 g6 7.f4 Bg7 8.Bb5+ Nfd7
9.a4 O-O 10.Nf3 Na6 11.O-O Nb4 12.Na2 Nxa2 13.Rxa2 Nf6 14.Re1 a6 15.Bc4 Bg4
16.b3 Re8 17.Qd3 Qd7 18.Bd2 Rxe4 19.Rxe4 Bf5 20.Re3 Bxd3 21.Rxd3 Re8 22.a5 Qf5
23.Kf2 Ne4+ 24.Kg1 Nxd2 25.Rdxd2 Qxf4 26.Re2 Bd4+ 27.Nxd4 Qxd4+ 28.Kf1 Rxe2
29.Rxe2 Kf8 {#R} 0-1

[Event "It (open)"]
[Site "masterchessopen.com - St. Lo (France)"]
[Round "2"]
[White "Ohlund Nicolas (FRA)"]
[Black "Li Shilong (CHN)"]
[Result "0-1"]
[WhiteElo "2004"]
[BlackElo "2504"]

1.d4 Nf6 2.c4 e6 3.Nc3 c5 4.d5 exd5 5.cxd5 d6 6.e4 g6 7.f4 Bg7 8.Bb5+ Nfd7
9.a4 Qh4+ 10.g3 Qe7 11.Qe2 O-O 12.Nf3 Bd4 13.Bd3 Nf6 14.Nxd4 cxd4 15.Nb5 Bg4
16.Qg2 Na6 17.O-O Nc5 18.Ra3 Nfxe4 19.Re1 Rfe8 20.b4 Nxd3 21.Rxd3 Qd7 22.Rxe4
Rxe4 23.Qxe4 Re8 24.Qxd4 Re1+ 25.Kf2 Rxc1 26.Rc3 Rd1 27.Qe3 Bh3 28.Rc7 Rf1+
29.Ke2 Qg4+ 30.Kd2 Qd1+ 31.Kc3 Rf3 {#R} 0-1

[Event "It (cat.7)"]
[Site "masterchessopen.com - Budapest (Hungary)"]
[Round "12"]
[White "Ovod Evgenija (RUS)"]
[Black "Seres Lajos (HUN)"]
[Result "0-1"]
[WhiteElo "2375"]
[BlackElo "2440"]

1.d4 Nf6 2.c4 c5 3.d5 e6 4.Nc3 exd5 5.cxd5 d6 6.e4 g6 7.f4 Bg7 8.Bb5+ Nfd7
9.a4 O-O 10.Nf3 Na6 11.O-O Nc7 12.Bd3 a6 13.Qe1 Rb8 14.e5 Nb6 15.f5 dxe5
16.fxg6 fxg6 17.Bg5 Qd6 18.Qh4 Nbxd5 19.Bc4 Be6 20.Rad1 Qc6 21.Nxd5 Nxd5
22.Bh6 Bxh6 23.Qxh6 Nf4 24.Bxe6+ Qxe6 25.Ng5 Qe7 26.g3 Qxg5 {#R} 0-1

[Event "Verbandsklasse B Muensterland 2002/03"]
[Site "masterchessopen.com - Germany"]
[Round "4"]
[White "Pollok Ralf (GER)"]
[Black "Graelken Matthias (GER)"]
[Result "1-0"]
[WhiteElo "2039"]
[BlackElo "2179"]

1.d4 Nf6 2.c4 e6 3.Nc3 c5 4.d5 exd5 5.cxd5 d6 6.e4 g6 7.f4 Bg7 8.Bb5+ Nfd7
9.a4 O-O 10.Nf3 Na6 11.O-O Nb4 12.Kh1 Nf6 13.Bd3 Bg4 14.Bb1 Qd7 15.h3 Bxh3
16.gxh3 Qxh3+ 17.Nh2 Nh5 18.Rf3 Ng3+ 19.Kg1 h5 20.e5 dxe5 21.f5 e4 22.Nxe4 Be5
23.Raa3 h4 24.Ng5 Ne2+ 25.Qxe2 Bxh2+ 26.Qxh2 Qg4+ 27.Qg2 Qd4+ 28.Be3 Qd1+
29.Rf1 Qh5 30.Bxc5 {#r} 1-0

[Event "It (open)"]
[Site "masterchessopen.com - Haarlem (Netherlands)"]
[Round "2"]
[White "Van Ketel Raoul (NED)"]
[Black "Gouma Ronald (NED)"]
[Result "1-0"]
[WhiteElo "2151"]
[BlackElo "2013"]

1.d4 c5 2.d5 Nf6 3.c4 e6 4.Nc3 exd5 5.cxd5 d6 6.e4 g6 7.f4 Bg7 8.Bb5+ Nfd7
9.a4 O-O 10.Nf3 Na6 11.O-O Nc7 12.Bd3 a6 13.Qe1 Nf6 14.h3 Rb8 15.a5 b5 16.axb6
Rxb6 17.Ra2 Re8 18.Qh4 Nb5 19.f5 Nxc3 20.bxc3 Nd7 21.fxg6 fxg6 22.Bg5 Qc7
23.Raf2 c4 24.Bc2 Bxc3 25.Be3 Rb2 26.Ng5 Ne5 27.Rf7 {#r} 1-0

[Event "Cup European Club (final)"]
[Site "masterchessopen.com - Halkidiki (Greece)"]
[Round "2"]
[White "Steedman James (NOR)"]
[Black "Dardha Arben (ALB)"]
[Result "0-1"]
[WhiteElo "2226"]
[BlackElo "2260"]

1.d4 Nf6 2.c4 c5 3.d5 e6 4.Nc3 exd5 5.cxd5 d6 6.e4 g6 7.f4 Bg7 8.Bb5+ Nfd7
9.a4 O-O 10.Nf3 a6 11.Be2 Nf6 12.O-O Re8 13.Nd2 Nbd7 14.Bf3 Rb8 15.Nc4 Qe7
16.a5 h5 17.h3 Nh7 18.Bd2 b5 19.axb6 Nxb6 20.Na5 Bd7 21.Re1 Qh4 22.Re2 Bd4+
23.Kf1 Qg3 24.Qe1 Qh2 25.Be3 Bxe3 26.Rxe3 Qxf4 27.Kg1 Nf6 28.Qe2 Nbxd5 {#R}
0-1

[Event "Ch Poland (team) (juniors)"]
[Site "masterchessopen.com - Laczna (Poland)"]
[Round "4"]
[White "Kunicki Michal (POL)"]
[Black "Cajbel Maciej (POL)"]
[Result "1-0"]
[WhiteElo "2120"]
[BlackElo "2167"]

1.d4 Nf6 2.c4 c5 3.d5 e6 4.Nc3 exd5 5.cxd5 d6 6.e4 g6 7.f4 Bg7 8.Bb5+ Nfd7
9.a4 O-O 10.Nf3 a6 11.Bc4 Re8 12.O-O Nf6 13.e5 Nh5 14.Ne4 dxe5 15.fxe5 Bxe5
16.Bg5 Qb6 17.Nxe5 Rxe5 18.Nf6+ Nxf6 19.Bxf6 Rf5 20.Bc3 Rxf1+ 21.Qxf1 Bf5
22.Qf4 Nd7 23.g4 Bxg4 24.Qxg4 Qd6 25.Rf1 f5 26.Rxf5 b5 27.axb5 axb5 28.Bxb5
Ra1+ 29.Rf1 Rxf1+ 30.Bxf1 {#r} 1-0

[Event "It (open)"]
[Site "masterchessopen.com - Metz (France)"]
[Round "2"]
[White "Flear Christine (FRA)"]
[Black "Degraeve Jean-Marc (FRA)"]
[Result "0-1"]
[WhiteElo "2213"]
[BlackElo "2542"]

1.d4 Nf6 2.c4 c5 3.d5 e6 4.Nc3 exd5 5.cxd5 d6 6.e4 g6 7.f4 Bg7 8.Bb5+ Nfd7
9.a4 Qh4+ 10.g3 Qe7 11.Nf3 O-O 12.O-O Na6 13.Re1 Nb4 14.Bxd7 Bxd7 15.f5 Rfe8
16.Bf4 c4 17.Bg5 Qf8 18.g4 Nd3 19.Re2 h6 20.Bc1 b6 21.Nb5 Bxb5 22.axb5 Qe7
23.Ra4 Rac8 24.Qc2 Nxc1 25.Qxc1 c3 26.Nd4 cxb2 27.Qxb2 Qh4 28.Rxa7 Bxd4+
29.Qxd4 Rc1+ {#R} 0-1

[Event "Ch Europe (juniors) (under 16)"]
[Site "masterchessopen.com - Peniscola (Spain)"]
[Round "4"]
[White "Bermejo Martinez Jorge (ESP)"]
[Black "Oleksienko Mikhailo (UKR)"]
[Result "0-1"]
[WhiteElo "2121"]
[BlackElo "2440"]

1.d4 Nf6 2.c4 e6 3.Nc3 c5 4.d5 exd5 5.cxd5 d6 6.e4 g6 7.f4 Bg7 8.Bb5+ Nfd7
9.a4 O-O 10.Nf3 Na6 11.O-O Nc7 12.Re1 Re8 13.Bf1 Rb8 14.Qc2 a6 15.a5 b5
16.axb6 Nxb6 17.Be3 Nb5 18.h3 Nxc3 19.bxc3 Rxe4 20.Bxa6 Rxe3 21.Rxe3 Nxd5
22.Re2 Bf5 23.Qd2 Nxc3 24.Ree1 Ne4 25.Qd5 Bxa1 26.Rxa1 Nf6 27.Qc4 Qb6 28.Qc3
d5 29.Be2 d4 30.Qe1 d3 31.Bf1 c4+ 32.Kh2 Qd6 33.g3 Ne4 {#R} 0-1

[Event "It (open)"]
[Site "masterchessopen.com - Rommelshausen (Germany)"]
[Round "1"]
[White "Hammer Klaus (GER)"]
[Black "Bronznik Valerij (UKR)"]
[Result "0-1"]
[WhiteElo "1933"]
[BlackElo "2412"]

1.d4 Nf6 2.c4 c5 3.d5 e6 4.Nc3 exd5 5.cxd5 d6 6.e4 g6 7.f4 Bg7 8.Bb5+ Nfd7
9.a4 a6 10.Bd3 Qh4+ 11.g3 Qd8 12.Nf3 O-O 13.O-O Nf6 14.Bd2 Bh3 15.Re1 Nbd7
16.Bf1 Bxf1 17.Rxf1 Re8 18.Qc2 c4 19.Rae1 Nc5 20.Re2 Rc8 21.h3 b5 22.axb5 axb5
23.Rfe1 b4 24.Nd1 Nd3 25.Rf1 b3 26.Qb1 Nxd5 27.f5 gxf5 {#R} 0-1

[Event "It (cat.3)"]
[Site "masterchessopen.com - Roznov (Czech Republic)"]
[Round "1"]
[White "Alfred Nathan (ENG)"]
[Black "Biolek Richard (CZE)"]
[Result "0-1"]
[WhiteElo "2250"]
[BlackElo "2426"]

1.d4 Nf6 2.c4 c5 3.d5 e6 4.Nc3 exd5 5.cxd5 d6 6.e4 g6 7.f4 Bg7 8.Bb5+ Nfd7
9.a4 O-O 10.Nf3 Na6 11.O-O Nc7 12.Bd3 b6 13.Qe1 Bb7 14.e5 Re8 15.e6 fxe6
16.Ng5 Nf8 17.dxe6 Ncxe6 18.Nxe6 Nxe6 19.Qg3 Nd4 20.f5 gxf5 21.Bg5 Qd7 22.Qh3
Rf8 23.Rae1 Rae8 24.Qh5 Re6 25.Rxe6 Qxe6 26.Ne2 Nxe2+ 27.Bxe2 Bxb2 28.Bh6 Bg7
29.Bxg7 Kxg7 30.g4 Qxe2 {#R} 0-1

[Event "Ch Sweden (team) 2001/02"]
[Site "masterchessopen.com - Sweden"]
[Round "9"]
[White "Tikkanen Hans (SWE)"]
[Black "De Firmian Nick E (USA)"]
[Result "0-1"]
[WhiteElo "2306"]
[BlackElo "2537"]

1.d4 Nf6 2.c4 e6 3.Nc3 c5 4.d5 exd5 5.cxd5 d6 6.e4 g6 7.f4 Bg7 8.Bb5+ Nfd7
9.a4 a6 10.Be2 Qh4+ 11.g3 Qd8 12.Nf3 O-O 13.O-O Re8 14.Qc2 Nf6 15.e5 dxe5
16.fxe5 Ng4 17.Bg5 Qa5 18.Bc4 Nd7 19.Ne4 Ndxe5 20.Nxe5 Rxe5 21.Bf4 Bf5 22.Bxe5
Bxe5 23.Rxf5 Ne3 24.Qb3 gxf5 25.Nf2 Bd4 26.Qxb7 Rf8 {#R} 0-1

[Event "Bundesliga (2nd) South 2002/03"]
[Site "masterchessopen.com - Germany"]
[Date "2002.12.15"]
[Round "3"]
[White "Rau Hannes (GER)"]
[Black "Kristmann Uwe (GER)"]
[Result "1-0"]
[WhiteElo "2328"]
[BlackElo "2175"]

1.d4 Nf6 2.c4 e6 3.Nc3 c5 4.d5 exd5 5.cxd5 d6 6.e4 g6 7.f4 Bg7 8.Bb5+ Nfd7
9.a4 O-O 10.Nf3 Na6 11.O-O Nb4 12.Re1 a6 13.Bf1 Nf6 14.h3 b6 15.Be3 Re8 16.Bf2
Bb7 17.Qb3 Qc7 18.Rad1 Rad8 19.Bh4 Rd7 20.e5 dxe5 21.Nxe5 Rd6 22.Bxf6 Bxf6
23.Ne4 Bxe5 24.fxe5 Rxe5 25.Nxd6 Rxe1 26.Rxe1 Qxd6 27.Qc3 Qd7 28.d6 Qc6 29.Qe5
Nc2 30.Qe8+ Kg7 31.d7 {#r} 1-0

[Event "It"]
[Site "masterchessopen.com - Bad Koenigshofen (Germany)"]
[Round "5"]
[White "Rink Christian (GER)"]
[Black "Hodova Lucie (CZE)"]
[Result "1-0"]
[WhiteElo "2140"]
[BlackElo "2118"]

1.d4 Nf6 2.c4 c5 3.d5 e6 4.Nc3 exd5 5.cxd5 d6 6.e4 g6 7.f4 Bg7 8.Bb5+ Nfd7
9.a4 O-O 10.Nf3 Na6 11.O-O Nc7 12.Bd3 Nf6 13.Bc2 Bg4 14.h3 Bxf3 15.Qxf3 a6
16.Be3 Nd7 17.Rad1 b5 18.e5 b4 19.Ne4 dxe5 20.f5 Ne8 21.g4 Bf6 22.g5 Bg7 23.d6
Nxd6 24.f6 Bxf6 25.Nxf6+ Nxf6 26.gxf6 Rc8 27.Qg3 Re8 28.Qg5 Re6 29.Bf5 {#r}
1-0

[Event "It (open) \"]
[Site "masterchessopen.com - Belgrade (Yugoslavia)"]
[Round "2"]
[White "Pantovic Dragan M (SRB)"]
[Black "Boskovic Drasko (SRB)"]
[Result "0-1"]
[WhiteElo "2127"]
[BlackElo "2408"]

1.d4 Nf6 2.c4 c5 3.d5 e6 4.Nc3 exd5 5.cxd5 d6 6.e4 g6 7.f4 Bg7 8.Bb5+ Nfd7
9.a4 O-O 10.Nf3 Na6 11.O-O Nc7 12.Bc4 Nb6 13.Ba2 Bg4 14.h3 Bxf3 15.Qxf3 Nd7
16.e5 dxe5 17.f5 Nb6 18.a5 Nc8 19.Ne4 Nd6 20.f6 Bh8 21.Nxc5 Nf5 22.Nxb7 Qxf6
23.g4 e4 24.Qf2 Rab8 25.Nc5 e3 26.Bxe3 Rxb2 27.Qf4 Rxa2 28.Rxa2 Nxd5 29.Qe4
Ndxe3 30.Nd7 Qd6 31.Nxf8 Qg3+ 32.Rg2 Nxg2 {#R} 0-1

[Event "It (cat.8)"]
[Site "masterchessopen.com - Budapest (Hungary)"]
[Round "8"]
[White "Hoang Thanh Trang (HUN)"]
[Black "Pilgaard Kim (DEN)"]
[Result "1-0"]
[WhiteElo "2474"]
[BlackElo "2383"]

1.d4 Nf6 2.c4 e6 3.Nc3 c5 4.d5 exd5 5.cxd5 d6 6.e4 g6 7.f4 Bg7 8.Bb5+ Nfd7
9.a4 O-O 10.Nf3 Na6 11.O-O Nb4 12.Re1 a6 13.Bf1 Re8 14.h3 f5 15.Bd2 Nf6 16.e5
dxe5 17.fxe5 Nfxd5 18.Bg5 Nxc3 19.Qxd8 Rxd8 20.Bxd8 Ne4 21.Bc4+ Kf8 22.Rad1
Nc2 23.Bh4 g5 24.Nxg5 Bxe5 25.Rd8+ Kg7 26.Rg8+ Kh6 27.Nxe4 {#r} 1-0

[Event "Ch Vietnam"]
[Site "masterchessopen.com - Dong Thap (Vietnam)"]
[Round "7"]
[White "Dao Thien Hai (VIE)"]
[Black "Hoang Nam Thang (VIE)"]
[Result "1-0"]
[WhiteElo "2601"]
[BlackElo "2341"]

1.d4 Nf6 2.c4 g6 3.Nc3 c5 4.d5 d6 5.e4 e6 6.f4 exd5 7.cxd5 Bg7 8.Bb5+ Nfd7
9.a4 O-O 10.Nf3 Na6 11.O-O Nc7 12.Bc4 a6 13.Re1 Rb8 14.e5 b5 15.axb5 Nb6
16.Ba2 Nxb5 17.e6 Rb7 18.Ne4 Re7 19.Neg5 f5 20.Bd2 Qc7 21.Ba5 Qa7 22.Ne5 dxe5
23.d6 e4 24.dxe7 Bd4+ 25.Kh1 Re8 26.Rc1 Bb7 27.b4 cxb4 28.Rc7 Qb8 29.Rd7 {#r}
1-0

[Event "It (cat.4)"]
[Site "masterchessopen.com - Dos Hermanas (Spain)"]
[Round "3"]
[White "Barrero Garcia Carlos (ESP)"]
[Black "Rodriguez Aguilera Antonio (ESP)"]
[Result "1-0"]
[WhiteElo "2292"]
[BlackElo "2244"]

{ } 1.d4 { 1 } 1...Nf6 2.c4 c5 3.d5 e6 4.Nc3 exd5 5.cxd5 d6 6.e4 g6 7.f4 Bg7
8.Bb5+ Nfd7 9.a4 O-O 10.Nf3 { ?/= } 10...a6 ( 10...Na6 11.O-O Nb4 12.h3 a6
13.Bc4 f5 14.Ng5 Nb6 15.Bb3 a5 16.Be3 fxe4 17.Kh1 Nd3 18.Qd2 Re8 19.Rab1 Bf5
20.g4 h6 21.gxf5 hxg5 22.fxg5 gxf5 23.Rxf5 Qd7 24.Rbf1 Re5 25.Rf7 Qxh3+ 26.Qh2
Qxh2+ 27.Kxh2 Rf8 28.Rxf8+ Bxf8 29.Rf6 c4 30.Bd1 { ...0-1, Bareev Evgeny 2726
- Topalov Veselin 2745 , Dortmund 2002 It (1/2 final) } ) 11.Bd3 Nf6 12.O-O (
12.h3 b6 13.O-O Bb7 14.Qb3 Ra7 15.Bc4 Nfd7 16.Bd2 Re8 17.e5 dxe5 18.Ng5 exf4
19.Bxf4 Ne5 20.Bxe5 Bxe5 21.Nxf7 Bd4+ 22.Kh1 Qd7 23.Qxb6 Ba8 24.Nd6 Rb7
25.Nxb7 Bxb7 26.Rae1 Rxe1 27.Rxe1 Kg7 28.Qe6 Bf6 29.Qe8 { 1-0, Bareev Evgeny
2555 - Ristic Nebojsa 2360 , Vrnjacka Banja 1987 } ) 12...Bg4 13.Qb3 ( 13.h3
Bxf3 14.Qxf3 Nbd7 15.Bd2 Qc7 16.Bc4 Nb6 17.b3 Nfd7 18.Rae1 Rae8 19.Qd3 Qd8
20.e5 dxe5 21.f5 e4 22.Nxe4 Bd4+ 23.Kh1 Ne5 24.Qc2 Nbxc4 25.bxc4 f6 26.fxg6
hxg6 27.Bh6 Rf7 28.Nxc5 Rh7 29.Rxe5 Rxh6 30.Rxe8+ Qxe8 31.Ne6 Be5 32.c5 Rh4 {
...1-0, Pinter Jozsef 2535 - Djuric Stefan 2440 , Bajmok 1980 It } ) 13...Bxf3
14.Rxf3 { } 14...Nbd7 { N } ( 14...b6 15.Bd2 ( 15.Nd1 Nbd7 16.Nf2 Re8 17.Bd2
Rb8 18.Re1 b5 19.axb5 Qb6 20.Be3 Qa5 21.Qc3 Qxc3 22.bxc3 axb5 23.g4 h5 24.h3
hxg4 25.hxg4 g5 26.fxg5 Nh7 27.Bd2 b4 28.cxb4 cxb4 29.Rh3 Ne5 30.Bc2 Nc4
31.Bc1 Na5 32.Bd3 Nf8 33.Bd2 Nb3 34.Bf4 { ...1/2-1/2, Bartsch Gerhard - Turcan
Milan 2119 , Internet 2001 Tournament (ICCF) } ) 15...Nbd7 16.Re1 Ng4 17.g3
Re8 18.Kg2 b5 19.axb5 Rb8 20.h3 axb5 21.Nxb5 Ngf6 22.Bc3 Nb6 23.Qc2 c4 24.Bf1
Nbxd5 25.exd5 Rxe1 26.Bxe1 Rxb5 27.Bxc4 Qc7 28.b3 Rxd5 29.Rc3 Rc5 30.Bf2 Qb7+
31.Kh2 Rh5 32.Qd1 Qd7 33.Qf3 Qxh3+ 34.Kg1 { ...1/2-1/2, Braga Fernando 2435 -
Garcia Gildardo 2515 , Palma de Majorca 1992 It (open) } ) ( 14...Qc7 15.Bd2
Nbd7 16.Re1 Rfe8 17.e5 dxe5 18.f5 c4 19.Bxc4 e4 20.Rff1 Ng4 21.d6 Qxd6 22.Bf4
Qc5+ 23.Kh1 Nde5 24.Bxe5 Qxe5 25.Bxf7+ Kh8 26.g3 gxf5 27.Bxe8 Rxe8 28.Qd5 Qxd5
29.Nxd5 Re5 30.Ne3 Nxe3 31.Rxe3 Bh6 32.Re2 Rd5 33.g4 e3 34.Rxf5 { ...1-0,
Wissemann Andreas 1985 - Schneider Joerg 2162 , Mainz 1997 Ch Rheinhessen
(HT1) } ) 15.Bd2 c4 { ?! } ( 15...Qc7 { !? } 16.a5 Rfe8 17.g3 b5 { } ) 16.Qxc4
b5 17.axb5 axb5 { ?! } ( 17...Ng4 { !? } 18.Raf1 axb5 19.Qb4 Nc5 { } ) 18.Rxa8
Qb6+ { ?! } ( 18...bxc4 { !? } 19.Rxd8 Rxd8 20.Bxc4 Rb8 { } ) 19.Be3 Rxa8
20.Qb4 { ?! } ( 20.Nxb5 { !? } 20...Ra1+ 21.Bf1 Qb8 22.h3 { } ) 20...Ra1+
21.Bf1 Nc5 22.e5 Ng4 { ?! } ( 22...Nfd7 { !? } 23.e6 fxe6 24.dxe6 Nf6 { } )
23.Bxc5 dxc5 24.Qxb5 Qa7 25.Qe8+ Bf8 26.Nb5 Qa2 27.d6 { ?? } ( { ? } 27.e6
fxe6 28.dxe6 Nh6 29.e7 { } ) {#r} 1-0

[Event "It (open)"]
[Site "masterchessopen.com - Helsinki (Finland)"]
[Round "1"]
[White "Luukkonen Tommi (FIN)"]
[Black "Koivistoinen Timo (FIN)"]
[Result "1-0"]
[WhiteElo "2208"]
[BlackElo "1929"]

1.d4 Nf6 2.c4 c5 3.d5 e6 4.Nc3 exd5 5.cxd5 d6 6.e4 g6 7.f4 Bg7 8.Bb5+ Nfd7
9.a4 Qh4+ 10.g3 Qe7 11.Nf3 O-O 12.O-O b6 13.e5 Ba6 14.Ne4 Bxb5 15.axb5 dxe5
16.d6 Qe6 17.Ra4 a5 18.Nfg5 Qe8 19.f5 gxf5 20.Rxf5 h6 21.Nf3 Qe6 22.Nh4 Rd8
23.Rh5 Nf6 24.Nxf6+ Qxf6 25.Nf5 Kf8 26.Rg4 Bh8 27.Rxh6 {#r} 1-0

[Event "SEA Games (w)"]
[Site "masterchessopen.com - Ho Chi Minh City (Vietnam)"]
[Round "3"]
[White "Hoang Thanh Trang (HUN)"]
[Black "Bui Kim Le (VIE)"]
[Result "1-0"]
[WhiteElo "2474"]
[BlackElo "2200"]

1.d4 Nf6 2.c4 e6 3.Nc3 c5 4.d5 exd5 5.cxd5 d6 6.e4 g6 7.f4 Bg7 8.Bb5+ Nfd7
9.a4 O-O 10.Nf3 Na6 11.O-O Nb4 12.Re1 a6 13.Bf1 Re8 14.h3 Rb8 15.Be3 Nf6
16.Bf2 Bh6 17.g3 b6 18.Qb3 Bb7 19.Rad1 Qd7 20.e5 dxe5 21.Nxe5 Qf5 22.Bg2 Qc2
23.Qc4 Rxe5 24.fxe5 Nfxd5 25.Bxd5 Nxd5 26.Rxd5 Bxd5 27.Qxd5 Qxb2 28.Ne4 Bg7
29.Qd6 Rf8 30.e6 {#r} 1-0